Distribution and abundance of Least Bell's Vireos (Vireo bellii pusillus) and Southwestern Willow Flycatchers (Empidonax traillii extimus) at the Mojave River Dam, San Bernardino County, California--2021 data summary /

Bibliographic Details
Main Authors: Howell, Scarlett L. (Author), Kus, Barbara Elaine (Author)
Format: Government Document eBook
Language:English
Published: Reston, Virginia : U.S. Department of the Interior, U.S. Geological Survey, 2022.
Series:Data report / U.S. Geological Survey ; 1149
Subjects:
Online Access:https://purl.fdlp.gov/GPO/gpo183144

MARC

Tag First Indicator Second Indicator Subfields
LEADER 00000nam a2200000 i 4500
001 in00004590113
006 m o d f
007 cr |||||||||||
008 220609s2022 vaub ob f000 0 eng d
005 20220810155556.6
035 |a (OCoLC)on1327870581 
040 |a GPO  |b eng  |e rda  |e pn  |c GPO  |d MvI 
043 |a n-us-ca 
049 |a WWW 
074 |a 0621 (online) 
086 0 |a I 19.2:L 48 
100 1 |a Howell, Scarlett L.,  |e author. 
245 1 0 |a Distribution and abundance of Least Bell's Vireos (Vireo bellii pusillus) and Southwestern Willow Flycatchers (Empidonax traillii extimus) at the Mojave River Dam, San Bernardino County, California--2021 data summary /  |c by Scarlett L. Howell and Barbara E. Kus. 
264 1 |a Reston, Virginia :  |b U.S. Department of the Interior, U.S. Geological Survey,  |c 2022. 
300 |a 1 online resource (vi, 7 pages) :  |b color maps. 
336 |a text  |b txt  |2 rdacontent 
337 |a computer  |b c  |2 rdamedia 
338 |a online resource  |b cr  |2 rdacarrier 
490 0 |a Data report / U.S. Geological Survey ;  |v 1149 
504 |a Includes bibliographical references (pages 6-7). 
500 |a GPO Cataloging Record Distribution Program (CRDP). 
588 |a Description based on online resource; title from PDF title page (USGS, viewed June 1, 2022). 
650 0 |a Bell vireo  |x Monitoring  |z California  |z Mojave River Watershed. 
650 0 |a Bell vireo  |x Habitat  |z California  |z Mojave River Watershed. 
650 0 |a Southwestern willow flycatcher  |x Monitoring  |z California  |z Mojave River Watershed. 
650 0 |a Southwestern willow flycatcher  |x Habitat  |z California  |z Mojave River Watershed. 
650 0 |a Endangered species  |z California  |z Mojave River Watershed. 
700 1 |a Kus, Barbara Elaine,  |e author. 
710 2 |a Geological Survey (U.S.),  |e issuing body. 
856 4 0 |u https://purl.fdlp.gov/GPO/gpo183144  |t 0 
999 f f |s 0fef8d42-9628-4cff-9f5e-2d2064b67e43  |i 0fef8d42-9628-4cff-9f5e-2d2064b67e43  |t 0 
952 f f |a Texas A&M University  |b College Station  |c Electronic Resources  |d Available Online  |t 0  |e I 19.2:L 48  |h Superintendent of Documents classification 
998 f f |a I 19.2:L 48  |t 0  |l Available Online